Southville International School and Colleges
Your cart is empty.
  • Cart
  • Lists
    Public lists Eva Luna New books Lux_list list_1
    Your lists Log in to create your own lists
  • Log in to your account
  • Your cookies
  • Search history
Southville International School and Colleges
  • Advanced search
  • Recent comments
  • Most popular
  • Libraries

Log in to your account

Log in with GOOGLE


If you do not have an external account, but do have a local account, you can still log in:

  1. Home
  2. MARC view: Almost gone :
Normal view MARC view ISBD view

Almost gone : (Record no. 35128)

[ view plain ]
MARC details
000 -LEADER
fixed length control field 01311cam a22003614a 4500
001 - CONTROL NUMBER
control field 13818102
003 - CONTROL NUMBER IDENTIFIER
control field OSt
005 - DATE AND TIME OF LATEST TRANSACTION
control field 20140310184526.0
008 - FIXED-LENGTH DATA ELEMENTS--GENERAL INFORMATION
fixed length control field 041217s2006 nyua j 000 0 eng
010 ## - LIBRARY OF CONGRESS CONTROL NUMBER
LC control number 2004030199
020 ## - INTERNATIONAL STANDARD BOOK NUMBER
International Standard Book Number 0060535989
020 ## - INTERNATIONAL STANDARD BOOK NUMBER
International Standard Book Number 0060535997 (lib. bdg.)
020 ## - INTERNATIONAL STANDARD BOOK NUMBER
International Standard Book Number 0439860571 (pbk.)
040 ## - CATALOGING SOURCE
Original cataloging agency DLC
Transcribing agency DLC
Modifying agency DLC
042 ## - AUTHENTICATION CODE
Authentication code pcc
050 00 - LIBRARY OF CONGRESS CALL NUMBER
Classification number QL 83
Item number .J474 2006
100 1# - MAIN ENTRY--PERSONAL NAME
Personal name Jenkins, Steve,
Dates associated with a name 1952-
9 (RLIN) 30241
245 10 - TITLE STATEMENT
Title Almost gone :
Remainder of title the world's rarest animals /
Statement of responsibility, etc by Steve Jenkins.
250 ## - EDITION STATEMENT
Edition statement 1st ed.
260 ## - PUBLICATION, DISTRIBUTION, ETC. (IMPRINT)
Place of publication, distribution, etc New York, NY :
Name of publisher, distributor, etc HarperCollins Publishers,
Date of publication, distribution, etc 2006.
300 ## - PHYSICAL DESCRIPTION
Extent 33 p. :
Other physical details col. ill. ;
Dimensions 23 cm.
440 #0 - SERIES STATEMENT/ADDED ENTRY--TITLE
Title Let's-read-and-find-out science.
Number of part/section of a work Stage 2
9 (RLIN) 30242
521 ## - TARGET AUDIENCE NOTE
Target audience note
526 ## - STUDY PROGRAM INFORMATION NOTE
Reading level 1020
650 #0 - SUBJECT ADDED ENTRY--TOPICAL TERM
Topical term or geographic name as entry element Rare animals
Form subdivision Juvenile literature.
9 (RLIN) 30243
650 #0 - SUBJECT ADDED ENTRY--TOPICAL TERM
Topical term or geographic name as entry element Endangered species
Form subdivision Juvenile literature.
9 (RLIN) 30244
856 42 - ELECTRONIC LOCATION AND ACCESS
Materials specified Contributor biographical information
Uniform Resource Identifier <a href="http://www.loc.gov/catdir/enhancements/fy0910/2004030199-b.html">http://www.loc.gov/catdir/enhancements/fy0910/2004030199-b.html</a>
856 42 - ELECTRONIC LOCATION AND ACCESS
Materials specified Publisher description
Uniform Resource Identifier <a href="http://www.loc.gov/catdir/enhancements/fy0910/2004030199-d.html">http://www.loc.gov/catdir/enhancements/fy0910/2004030199-d.html</a>
906 ## - LOCAL DATA ELEMENT F, LDF (RLIN)
a 7
b cbc
c orignew
d 1
e ecip
f 20
g y-gencatlg
942 ## - ADDED ENTRY ELEMENTS (KOHA)
Source of classification or shelving scheme Library of Congress Classification
Koha item type
Holdings
Withdrawn status Lost status Source of classification or shelving scheme Damaged status Home library Current library Shelving location Date acquired Total Checkouts Total Renewals Full call number Barcode Date last seen Date checked out Copy number Price effective from Koha item type
    Library of Congress Classification   Luxembourg Library Luxembourg Library Scholastic Reading Center Section 10/22/2013 1 2 QL 83 .J474 2006 SCHO0455 09/21/2017 09/11/2017 1 10/22/2013 Books

Almost gone :

APA

Jenkins S., . (2006). Almost gone. New York, NY: HarperCollins Publishers.

Chicago

Jenkins Steve, . 2006. Almost gone. New York, NY: HarperCollins Publishers.

Harvard

Jenkins S., . (2006). Almost gone. New York, NY: HarperCollins Publishers.

MLA

Jenkins Steve, . Almost gone. New York, NY: HarperCollins Publishers. 2006.

  • Place hold
  • Print
  • Cite
  • Add to your cart (remove)
  • Save record
    BIBTEX Dublin Core MARCXML MARC (non-Unicode/MARC-8) MARC (Unicode/UTF-8) MARC (Unicode/UTF-8, Standard) MODS (XML) RIS
  • More searches
    Search for this title in:
    Other Libraries (WorldCat) Other Databases (Google Scholar) Online Stores (Bookfinder.com) Open Library (openlibrary.org)

Exporting to Dublin Core...

SOUTHVILLE LIBRARY

Southville International School and Colleges Library

1281 Tropical Ave. Cor. Luxembourg St., BF Homes International, Las Pinas City

Tel. No. 8256374 / 252358 Loc. 117/146

Powered by Koha